[Event "EU-ch Online U18"]
[Site "Tornelo INT"]
[Date "2020.09.20"]
[Round "9"]
[White "Winkin, Pol"]
[Black "Ramseyer, Nicola"]
[Result "0-1"]
[WhiteElo "1801"]
[BlackElo "2084"]
[PlyCount "62"]
[EventDate "2020.09.18"]
[EventType "swiss (rapid)"]
[EventRounds "9"]
[EventCountry "ENG"]
[SourceTitle "CBM 198 Extra"]
[Source "ChessBase"]
[SourceDate "2020.11.30"]
[SourceVersion "1"]
[SourceVersionDate "2020.11.30"]
[SourceQuality "1"]

1. e4 c5 2. Nf3 g6 3. d4 cxd4 4. Nxd4 Bg7 5. c4 Nc6 6. Be3 Nf6 7. Nc3 Ng4 8. Qxg4 Nxd4 9. Qd1 Ne6 10. Qd2 Qa5 11. Rc1 d6 12. Be2 Bd7 13. 0-0 Bc6 14. f3 0-0 15. a3 Qc7 16. b4 b6 17. Nd5 Qd8 18. f4 Nc7 19. f5 Rc8 20. Bh6 f6 21. Rc3 e6 22. fxe6 Nxe6 23. Bg4 Bd7 24. Rh3 Ng5 25. Bxg5 Bxg4 26. Rg3 fxg5 27. Rxg4 Rxf1+ 28. Kxf1 Rxc4 29. Qa2 Rc1+ 30. Ke2 Kh8 31. Rg3 Qe8 0-1

[Event "EU-ch Online U18"]
[Site "Tornelo INT"]
[Date "2020.09.18"]
[Round "2"]
[White "Pakalns, Raivis Kristians"]
[Black "Winkin, Pol"]
[Result "1-0"]
[WhiteElo "1768"]
[BlackElo "1801"]
[PlyCount "55"]
[EventDate "2020.09.18"]
[EventType "swiss (rapid)"]
[EventRounds "9"]
[EventCountry "ENG"]
[SourceTitle "CBM 198 Extra"]
[Source "ChessBase"]
[SourceDate "2020.11.30"]
[SourceVersion "1"]
[SourceVersionDate "2020.11.30"]
[SourceQuality "1"]

1. e4 e5 2. Nf3 Nc6 3. Bb5 a6 4. Ba4 d6 5. c3 Bd7 6. 0-0 Nf6 7. Re1 Be7 8. d3 0-0 9. Nbd2 Re8 10. Nf1 h6 11. h3 Bf8 12. Ne3 g6 13. Bd2 Bg7 14. Nh2 b5 15. Bb3 Na5 16. Bc2 c6 17. Nhg4 Nb7 18. a4 Be6 19. axb5 axb5 20. Rxa8 Qxa8 21. Nxf6+ Bxf6 22. Ng4 Bxg4 23. Qxg4 h5 24. Qg3 Qd8 25. Bb3 Nc5 26. Qxg6+ Kh8 27. Bxf7 Bg5 28. Bxg5 1-0

[Event "EU-ch U18"]
[Site "Bratislava"]
[Date "2019.08.09"]
[Round "8"]
[White "Horak, Jan"]
[Black "Winkin, Pol"]
[Result "1-0"]
[WhiteElo "2044"]
[BlackElo "1840"]
[PlyCount "79"]
[EventDate "2019.08.02"]
[EventType "swiss"]
[EventRounds "9"]
[EventCountry "SVK"]
[SourceTitle "CBM 191 Extra"]
[Source "ChessBase"]
[SourceDate "2019.09.30"]
[SourceVersion "1"]
[SourceVersionDate "2019.09.30"]
[SourceQuality "1"]

1. e4 e5 2. Nf3 Nc6 3. Bb5 a6 4. Ba4 d6 5. 0-0 Bd7 6. c3 Nf6 7. Re1 Be7 8. d4 h6 9. Bc2 0-0 10. Nbd2 Re8 11. Nf1 Bf8 12. d5 Ne7 13. Ng3 c6 14. c4 Ng6 15. h3 b5 16. cxb5 axb5 17. Be3 Nf4 18. Qd2 cxd5 19. Bxf4 exf4 20. Qxf4 dxe4 21. Nxe4 Nxe4 22. Bxe4 Ra7 23. Nd4 d5 24. Bxd5 Rxe1+ 25. Rxe1 Bxh3 26. Bb3 g5 27. Nc6 Qd7 28. Qe4 Bf5 29. Qe3 Rc7 30. Nd4 Bg6 31. Nf3 Bg7 32. Ne5 Qd6 33. Nxg6 Qxg6 34. Qe8+ Kh7 35. Qxb5 Bxb2 36. Bd5 Qf6 37. g3 Bd4 38. Re2 Qd6 39. Qd3+ Qg6 40. Be4 1-0

[Event "EU-ch U18"]
[Site "Bratislava"]
[Date "2019.08.06"]
[Round "5"]
[White "Winkin, Pol"]
[Black "Pobor, Danilo"]
[Result "0-1"]
[WhiteElo "1840"]
[BlackElo "2130"]
[PlyCount "104"]
[EventDate "2019.08.02"]
[EventType "swiss"]
[EventRounds "9"]
[EventCountry "SVK"]
[SourceTitle "CBM 191 Extra"]
[Source "ChessBase"]
[SourceDate "2019.09.30"]
[SourceVersion "1"]
[SourceVersionDate "2019.09.30"]
[SourceQuality "1"]

1. e4 c5 2. Nf3 Nc6 3. d4 cxd4 4. Nxd4 Nf6 5. Nc3 d6 6. g3 a6 7. Bg2 Bd7 8. 0-0 h5 9. h4 Qc8 10. Nxc6 bxc6 11. Na4 Rb8 12. c4 Bh3 13. Re1 Bxg2 14. Kxg2 g6 15. c5 dxc5 16. Nxc5 Bg7 17. Qc2 0-0 18. e5 Nd7 19. Nxd7 Qxd7 20. Bf4 Rb5 21. Re3 Rd8 22. Rc1 Qd5+ 23. Kg1 Qxa2 24. Ra3 Qe6 25. Rxa6 Bxe5 26. Rxc6 Qg4 27. Bxe5 Rxe5 28. Rc8 Red5 29. Qc7 Rxc8 30. Qxc8+ Kg7 31. Qxg4 hxg4 32. Rc7 e6 33. Rb7 Rd1+ 34. Kg2 e5 35. Rc7 e4 36. Re7 Rd4 37. Kf1 Rb4 38. Ke2 Kf8 39. Rc7 Rxb2+ 40. Ke3 f5 41. Ra7 Rb3+ 42. Ke2 Rf3 43. Rb7 Kg8 44. Ra7 e3 45. fxe3 Rxg3 46. e4 f4 47. Ra4 f3+ 48. Kf2 Rg2+ 49. Kf1 Rh2 50. e5 g3 51. Ke1 Rh1+ 52. Kd2 g2 0-1

[Event "EU-ch U18"]
[Site "Bratislava"]
[Date "2019.08.04"]
[Round "3"]
[White "Varga, Lukas"]
[Black "Winkin, Pol"]
[Result "1-0"]
[WhiteElo "2032"]
[BlackElo "1840"]
[PlyCount "47"]
[EventDate "2019.08.02"]
[EventType "swiss"]
[EventRounds "9"]
[EventCountry "SVK"]
[SourceTitle "CBM 191 Extra"]
[Source "ChessBase"]
[SourceDate "2019.09.30"]
[SourceVersion "1"]
[SourceVersionDate "2019.09.30"]
[SourceQuality "1"]

1. e4 e5 2. Nf3 Nc6 3. Bc4 Nf6 4. Ng5 d5 5. exd5 Na5 6. Bb5+ c6 7. dxc6 bxc6 8. Be2 h6 9. Nh3 Bc5 10. d3 Qb6 11. 0-0 g5 12. c3 g4 13. d4 gxh3 14. dxc5 Qc7 15. g3 Be6 16. f4 Nd5 17. c4 Ne7 18. b4 Nb7 19. Bb2 f6 20. fxe5 fxe5 21. Bh5+ Ng6 22. Bxg6+ Ke7 23. Qh5 Qd7 24. Qh4# 1-0

[Event "EU-ch U16 27th"]
[Site "Mamaia"]
[Date "2017.09.08"]
[Round "4"]
[White "Winkin, Pol"]
[Black "Lisnyak, Vladislav"]
[Result "0-1"]
[WhiteElo "1598"]
[BlackElo "2119"]
[PlyCount "64"]
[EventDate "2017.09.05"]
[EventType "swiss"]
[EventRounds "9"]
[EventCountry "ROU"]
[SourceTitle "CBM 180 Extra"]
[Source "ChessBase"]
[SourceDate "2017.10.06"]
[SourceVersion "1"]
[SourceVersionDate "2017.10.06"]
[SourceQuality "1"]

1. e4 c5 2. Nf3 e6 3. d4 cxd4 4. Nxd4 Nc6 5. Nc3 Qc7 6. g3 Nf6 7. Bg2 Be7 8. 0-0 a6 9. Re1 Nxd4 10. Qxd4 Bc5 11. Bf4 Qb6 12. Qd2 Ng4 13. Rf1 e5 14. Nd5 Qd8 15. Qc3 d6 16. Bc1 Be6 17. h3 Nf6 18. Bg5 Nxd5 19. exd5 Qxg5 20. dxe6 fxe6 21. Bxb7 Ra7 22. Bc6+ Ke7 23. h4 Qf5 24. Qd2 Rc7 25. Bg2 Rf8 26. Rae1 h6 27. Be4 Qg4 28. Qe2 Qxg3+ 29. Bg2 Qxh4 30. b3 g5 31. Rd1 g4 32. Rd3 g3 0-1

[Event "EU-ch U14 26th"]
[Site "Prague"]
[Date "2016.08.22"]
[Round "5"]
[White "Winkin, Pol"]
[Black "Vorisek, Jakub"]
[Result "1/2-1/2"]
[WhiteElo "1391"]
[BlackElo "1813"]
[PlyCount "108"]
[EventDate "2016.08.18"]
[EventType "swiss"]
[EventRounds "9"]
[EventCountry "CZE"]
[SourceTitle "CBM 174 Extra"]
[Source "ChessBase"]
[SourceDate "2016.10.10"]
[SourceVersion "1"]
[SourceVersionDate "2016.10.10"]
[SourceQuality "1"]

1. d4 d5 2. Bf4 Nf6 3. e3 e6 4. c4 c5 5. Nf3 Nc6 6. Nc3 Be7 7. Be2 0-0 8. h3 Ne4 9. 0-0 b6 10. Ne5 Nxe5 11. Bxe5 Nxc3 12. bxc3 f6 13. Bg3 Bd6 14. Bxd6 Qxd6 15. cxd5 exd5 16. Bf3 Bb7 17. Re1 f5 18. Rb1 c4 19. Qc1 Bc6 20. Qb2 b5 21. Qb4 Qxb4 22. Rxb4 a5 23. Rb2 Rfc8 24. a3 Kf7 25. Reb1 Kf6 26. g3 Rh8 27. Kg2 a4 28. Be2 Rae8 29. Re1 h5 30. h4 g5 31. hxg5+ Kxg5 32. f4+ Kf6 33. Kf3 h4 34. Bd1 hxg3 35. Rg2 Rh4 36. Rxg3 Reh8 37. Reg1 Be8 38. Kf2 Rh2+ 39. R3g2 R2h4 40. Bc2 R4h5 41. Rg5 Rh2+ 42. R5g2 Rxg2+ 43. Kxg2 Rg8+ 44. Kf2 Rxg1 45. Kxg1 Bh5 46. Kg2 Bg4 47. Kg3 Bh5 48. Kh4 Kg6 49. Kg3 Kf6 50. Kh4 Bf3 51. Kg3 Be4 52. Bxe4 fxe4 53. Kf2 Kf5 54. Ke2 Kf6 1/2-1/2

[Event "EU Union-ch U14 14th"]
[Site "Mureck"]
[Date "2016.08.08"]
[Round "6"]
[White "Grabcheva, Natalia"]
[Black "Winkin, Pol"]
[Result "0-1"]
[WhiteElo "1686"]
[BlackElo "1391"]
[PlyCount "108"]
[EventDate "2016.08.03"]
[EventType "swiss"]
[EventRounds "9"]
[EventCountry "AUT"]
[SourceTitle "CBM 174 Extra"]
[Source "ChessBase"]
[SourceDate "2016.10.10"]
[SourceVersion "1"]
[SourceVersionDate "2016.10.10"]
[SourceQuality "1"]

1. Nf3 d5 2. d4 Nf6 3. b3 Bf5 4. e3 e6 5. Bb2 Be7 6. Bd3 Bxd3 7. Qxd3 0-0 8. 0-0 c5 9. c4 Nc6 10. Ne5 dxc4 11. Qxc4 Nxe5 12. dxe5 Nd5 13. Rd1 Qb6 14. Nc3 Nxc3 15. Bxc3 Rfd8 16. h3 h6 17. Qa4 a6 18. Ba5 Rxd1+ 19. Rxd1 Qb5 20. Qxb5 axb5 21. Bb6 Ra6 22. Bc7 Rxa2 23. Rd7 c4 24. bxc4 bxc4 25. Bd6 c3 26. Rc7 c2 27. Kh2 Bd8 28. Rc8 Kh7 29. Bb4 c1Q 30. Rxc1 Rxf2 31. Bc5 Rb2 32. Bd4 Rb3 33. Rc8 Bg5 34. Rc7 Kg6 35. e4 Rb4 36. Rd7 b5 37. Kg3 Rb3+ 38. Kf2 Rd3 39. Ke2 Rd2+ 40. Kf3 b4 41. Rd6 Be7 42. Be3 Rxd6 43. exd6 Bxd6 44. Bd4 f6 45. Ke3 Be5 46. Bc5 b3 47. Kd2 Kg5 48. g4 g6 49. Bf8 h5 50. gxh5 Kxh5 51. Bc5 Kh4 52. Bf2+ Kxh3 53. Be3 g5 54. Bc5 g4 0-1

[Event "EU Union-ch U14 14th"]
[Site "Mureck"]
[Date "2016.08.06"]
[Round "4"]
[White "Winkin, Pol"]
[Black "Bitkova, Jelizaveta"]
[Result "1-0"]
[WhiteElo "1391"]
[BlackElo "1433"]
[PlyCount "111"]
[EventDate "2016.08.03"]
[EventType "swiss"]
[EventRounds "9"]
[EventCountry "AUT"]
[SourceTitle "CBM 174 Extra"]
[Source "ChessBase"]
[SourceDate "2016.10.10"]
[SourceVersion "1"]
[SourceVersionDate "2016.10.10"]
[SourceQuality "1"]

1. e4 Nf6 2. Nc3 e6 3. d4 d5 4. exd5 exd5 5. Nf3 Nc6 6. Bb5 a6 7. Ba4 b5 8. Bb3 Bg4 9. a3 Be7 10. 0-0 Bxf3 11. gxf3 0-0 12. Bf4 h6 13. Bg3 Na5 14. Ba2 c6 15. Kh1 Bd6 16. Rg1 Nh5 17. Ne2 Qf6 18. Bxd6 Qxd6 19. Ng3 Nf4 20. Qd2 Qc7 21. Nf5 Ng6 22. Rg3 Nb7 23. Rag1 Nd6 24. Nh4 Ne8 25. Nxg6 fxg6 26. Qe3 g5 27. c3 Qf7 28. Re1 Nd6 29. Qe6 Rae8 30. Qxf7+ Nxf7 31. Re3 Nd6 32. Rg1 Rxe3 33. fxe3 Rxf3 34. Re1 Rf2 35. Bb1 Rxb2 36. Bg6 Rb3 37. Ra1 Rxc3 38. Kg2 Rxe3 39. Kf2 Rb3 40. Rc1 Nc4 41. Re1 Nd6 42. Re6 Kf8 43. Rxd6 Rxa3 44. Re6 Ra2+ 45. Kf3 Ra3+ 46. Kg4 h5+ 47. Kxh5 Rh3+ 48. Kg4 Rh4+ 49. Kxg5 Re4 50. Bxe4 dxe4 51. Rxc6 Ke7 52. Rxa6 e3 53. Ra3 e2 54. Re3+ Kd6 55. Rxe2 Kc6 56. Rb2 1-0

[Event "EU Union-ch U14 14th"]
[Site "Mureck"]
[Date "2016.08.03"]
[Round "1"]
[White "Schilay, Lorenz"]
[Black "Winkin, Pol"]
[Result "1-0"]
[WhiteElo "1784"]
[BlackElo "1391"]
[PlyCount "99"]
[EventDate "2016.08.03"]
[EventType "swiss"]
[EventRounds "9"]
[EventCountry "AUT"]
[SourceTitle "CBM 174 Extra"]
[Source "ChessBase"]
[SourceDate "2016.10.10"]
[SourceVersion "1"]
[SourceVersionDate "2016.10.10"]
[SourceQuality "1"]

1. e4 e5 2. Nf3 Nc6 3. Nc3 Nf6 4. a3 d6 5. d4 Bg4 6. dxe5 dxe5 7. Be3 a6 8. Qxd8+ Rxd8 9. Nd2 Be7 10. f3 Be6 11. 0-0-0 0-0 12. Bc4 Rxd2 13. Rxd2 Bxc4 14. Nd5 Bxd5 15. exd5 Na5 16. Bg5 h6 17. Bh4 Nc4 18. Rd3 g5 19. Bg3 Bd6 20. h4 Nh5 21. Bf2 Nf4 22. Rdd1 Ne2+ 23. Kb1 Nxa3+ 24. bxa3 Nc3+ 25. Kb2 Nxd1+ 26. Rxd1 f6 27. a4 a5 28. Kb3 b6 29. Kc4 Kf7 30. Kb5 Rb8 31. hxg5 hxg5 32. Rh1 Bc5 33. Bxc5 bxc5+ 34. Kxc5 Rb6 35. Rh7+ Ke8 36. Rxc7 Rb2 37. Kd6 Rb6+ 38. Rc6 Rxc6+ 39. Kxc6 Kd8 40. Kd6 f5 41. Kxe5 f4 42. Kd6 g4 43. fxg4 f3 44. gxf3 Ke8 45. Kc7 Kf7 46. d6 Kg6 47. d7 Kg5 48. d8Q+ Kf4 49. Qd6+ Kg5 50. f4+ 1-0